[Event "Bogota rapid op"]
[Site "Bogota"]
[Date "2024.09.01"]
[Round "4"]
[White "Acuna Romero, Vladimir"]
[Black "Santos Silva, Edwin Fernando"]
[Result "1-0"]
[WhiteElo "1855"]
[BlackElo "1646"]
[PlyCount "67"]
[EventDate "2024.09.01"]
[EventType "swiss (rapid)"]
[EventRounds "7"]
[EventCountry "COL"]
[SourceTitle "EXT 2025"]
[Source "ChessBase"]
[SourceDate "2024.10.14"]
[SourceVersion "1"]
[SourceVersionDate "2024.10.14"]
[SourceQuality "1"]

1. e4 e6 2. d4 d5 3. Nc3 Nf6 4. e5 Nfd7 5. f4 c5 6. Nf3 Nc6 7. Be3 cxd4 8. Nxd4 a6 9. Nf3 Bc5 10. Bxc5 Nxc5 11. Be2 Qb6 12. Qc1 0-0 13. a3 f6 14. h4 fxe5 15. fxe5 Nd7 16. Qd2 Qxb2 17. Rb1 Qxa3 18. 0-0 Qc5+ 19. Kh1 Ndxe5 20. Na4 Qe7 21. g3 b5 22. Nc3 Bb7 23. Ng5 Nc4 24. Qd3 g6 25. Bg4 N6e5 26. Bxe6+ Kh8 27. Qd4 h6 28. Nf7+ Rxf7 29. Bxf7 Kh7 30. Rbe1 Qd6 31. Bxd5 Rd8 32. Qa7 Rd7 33. Bxb7 Nc6 34. Qxa6 1-0